000 01128nac a22003617a 4500
001 BR7600371
003 BR-BrBNA
005 20240105113910.0
008 230509b bl.|||m| |||| 00| 0 por d
040 _aBR-BrBNA
_bpor
_cBiblioteca Nacional de Agricultura
072 _aE10; E30; E70
090 _aE10 BR7600371
110 1 _aComissao Estadual de Planejamento Agricola, Natal, RN (Brasil)
_92056
245 1 _aPlano anual de producao e abastecimento, 1974 [Rio Grande do Norte; Brasil]
260 3 _aNatal, RN (Brasil):
_c1975.
300 _a132 p.
490 _aPlano Anual de Producao e Abastecimento - Comissao Estadual de Planejamento Agricola (Brazil)
_v
_x
500 _a38 tables
650 _aECONOMIA DA PRODUCAO
650 _aDESENVOLVIMENTO AGRICOLA
650 _aPOLITICA AGRICOLA
650 _aPRECO
650 _aMAO-DE-OBRA
650 _aABASTECIMENTO
650 _aFINANCIAMENTO
650 _aRENDA
650 _aCREDITO
650 _aMECANIZACAO
650 _aMERCADO
650 _aRIO GRANDE DO NORTE
909 _a202312
_bLúcia Elande
_c55
_dLúcia Elande
942 _2AGRIS
_n0
_cMS
999 _c266225
_d266225